Democracia, ley e inmunidades del poder

Detalles Bibliográficos
Autor principal: Garca̕ de Enterra̕, Eduardo, 1923-
Formato: Desconocido
Lenguaje:español
Publicado: Lima : Palestra editores, 2004
Materias:
Acceso en línea:Acceso restringido

MARC

LEADER 00000ny a22000003n 4500
005 20110623140359.0
008 041013s2004 sp spa d
020 |a 9789972733529 
035 |a 4875 
040 |a UCLM  |d vLex 
080 |a 342.5 
080 |a 342.9 
090 |c 1073  |d 1073 
100 1 |a Garca̕ de Enterra̕, Eduardo,  |d 1923- 
245 1 3 |a Democracia, ley e inmunidades del poder  |h [Recurso electrn̤ico]  |c Eduardo Garca̕ de Enterria 
256 |a Servicio en ln̕ea 
260 |a Lima :  |b Palestra editores,   |c 2004 
300 |a v. 
506 1 |a Contenido solo disponible en los productos indicados  |d vLex Global  |d vLex Global (Academic Edition, excluding Law Schools)  |d vLex Global (U.S. Academic Edition, Law Schools)  |d vLex Global (U.S. Academic Edition, excluding Law Schools)  |d vLex Global (Academic Edition, Law Schools) 
650 0 4 |a Administracin̤ pb︢lica 
650 0 4 |a Democracia 
650 0 4 |a Derecho administrativo 
740 0 |a vLex Libros (Servicios en ln̕ea) 
856 4 0 |u http://vlex.com/source/4875  |z Acceso restringido 
942 |c BOOK 
999 4 |a Abuso de poder 
999 4 |a Administracin̤ pb︢lica 
999 4 |a Derecho administrativo 
999 4 |a Inmunidad 
999 4 |a Jurisdiccin̤ contencioso administrativa